| 000 | 01597cam a22003254a 4500 | ||
|---|---|---|---|
| 001 | 12377617 | ||
| 005 | 20080306084548.0 | ||
| 008 | 010412s2001 nyua b 001 0 eng | ||
| 010 | _a 2001031433 | ||
| 020 | _a0387952845 (alk. paper) | ||
| 040 |
_aDLC _cDLC _dDLC |
||
| 042 | _apcc | ||
| 050 | 0 | 0 |
_aQ325.75 _bH37 2001 |
| 082 | 0 | 0 |
_a003.1 _222 _bHAS |
| 100 | 1 |
_aHastie, Trevor. _99441 |
|
| 245 | 1 | 4 |
_aThe Elements of Statistical Learning : _bData Mining, Inference, and Prediction: With 200 full-color illustrations / _cTrevor Hastie, Robert Tibshirani, Jerome Friedman. |
| 260 |
_aNew York : _bSpringer, _cc2001. |
||
| 300 |
_axvi, 533 p. : _bcol. ill. ; _c25 cm. |
||
| 490 | _aSpringer series in statistics | ||
| 500 | _aDonated by: Alaa Abdel Ghany | ||
| 504 | _aIncludes bibliographical references (p. [509]-522) and indexes. | ||
| 650 | 0 |
_aSupervised learning (Machine learning) _99442 |
|
| 700 | 1 |
_aTibshirani, Robert. _99443 |
|
| 700 | 1 |
_aFriedman, J. H. _q(Jerome H.) _99444 |
|
| 856 | 4 | 2 |
_3Publisher description _uhttp://www.loc.gov/catdir/enhancements/fy0813/2001031433-d.html |
| 856 | 4 | 1 |
_3Table of contents only _uhttp://www.loc.gov/catdir/enhancements/fy0813/2001031433-t.html |
| 942 |
_2ddc _cBB |
||
| 999 |
_c12935 _d12935 |
||